The calculus of variations and optimal control: an introduction

Uloženo v:
Podrobná bibliografie
Hlavní autor: Leitmann, George (Autor)
Médium: Kniha
Jazyk:angličtina
Vydáno: Nueva York Plenum 1981
Edice:Mathematical Concepts and Methods in Science and Engineering, 24
Témata:
Tagy: Přidat tag
Žádné tagy, Buďte první, kdo vytvoří štítek k tomuto záznamu!

MARC

LEADER 00000nam a2200000 a 4500
001 UCQ8590
003 CL-VaPUC
008 981210e19810000US |||||||||||||||||eng|d
082 0 4 |a 629.831  |b LEI  |2 21 
100 0 |a Leitmann, George  |e author  |9 422637 
245 1 4 |a The calculus of variations and optimal control: an introduction 
300 |a 311 p 
942 |c BK 
945 |d 19981210 00:00:00  |a cmena 
260 |a Nueva York  |b Plenum  |c 1981 
650 0 |a Teoría de control  |9 336624 
650 0 |a Ingeniería de sistemas   |9 261019 
650 0 |a Matemática aplicada   |9 260236 
650 0 |a Optimización  |9 339671 
583 |a last modification  |c 19981210 00:00:00  |k Rodrigo Vera 
490 0 |a Mathematical Concepts and Methods in Science and Engineering, 24 
999 |c 277808  |d 277806 
952 |0 0  |1 0  |2 ddc  |4 0  |6 629_831000000000000_LEI_1981  |7 0  |8 A  |9 316020  |a BIBING  |b BIBING  |d 2019-11-20  |i 1307290  |l 4  |o 629.831 LEI 1981  |p 1307290  |r 2025-01-20  |s 2021-12-15  |w 2019-11-20  |y BK  |k ING